| 000 | 00371nam a2200157Ia 4500 | ||
|---|---|---|---|
| 008 | 230917s9999||||xx |||||||||||||| ||und|| | ||
| 040 |
_e6541 _aMAIN |
||
| 041 | _aEnglish | ||
| 082 | _a153.8 F853H | ||
| 100 | _aFranken, Robert E | ||
| 245 | 0 | _aHuman motivation | |
| 250 | _a2nd ed. | ||
| 260 |
_aCalifornia _bBrooks/Cole _c1988 |
||
| 300 | _axxv, 534 p. | ||
| 942 | _cBK | ||
| 999 |
_c61654 _d61654 |
||